00429 a2200145 4500003000400000005001700004008004100021020001900062040000900081082001900090100002400109245008600133260005000219300001400269OSt20210701124929.0210701b ||||| |||| 00| 0 eng d a 9788120338087 coclc a620.115bCHA/I aChattopadhyay, K K  aIntroduction to Nanoscience and Nanotechnology / cK KChattopadhyay, A N Banerjee bDelhi:aPHI Learning and Prtivate Ltd,c2019. a268 pages